ISD : Inhibited sexual desire

Bibliographic Details
Main Author: Knopf, Jennifer
Format: Book
Published: New York : Warner Books , 1990
Subjects:

MARC

LEADER 00000cam a2200000 7i4500
001 0000005829
002 000006301
005 20000330.0
020 |a 0446392359 
090 0 0 |a 613.96   |b KNO 
100 1 |a Knopf, Jennifer   |f Dr 
245 1 0 |a ISD :   |b Inhibited sexual desire   |c Dr.Jennifer Knopf 
260 |a New York :   |b Warner Books ,   |c 1990 
300 |a 300p. ;   |c 20cm. 
650 0 0 |a Lust 
650 0 0 |a Sex in marriage 
650 0 0 |a Sex instruction 
999 |a 037773   |b BUKU   |c PINJAMAN   |e PERPUSTAKAAN KOMUNITI PETALING JAYA